Environment and economics development (Record no. 11681)
[ view plain ]
| 000 -LEADER | |
|---|---|
| fixed length control field | 00541 a2200193 4500 |
| 001 - CONTROL NUMBER | |
| control field | 138946 |
| 003 - CONTROL NUMBER IDENTIFIER | |
| control field | OSt |
| 005 - DATE AND TIME OF LATEST TRANSACTION | |
| control field | 20210928171552.0 |
| 008 - FIXED-LENGTH DATA ELEMENTS--GENERAL INFORMATION | |
| fixed length control field | |
| 082 ## - DEWEY DECIMAL CLASSIFICATION NUMBER | |
| Classification number | 333.7 |
| Item number | R13E |
| 100 1# - MAIN ENTRY--PERSONAL NAME | |
| Personal name | Environment and economics development |
| 245 1# - TITLE STATEMENT | |
| Title | Environment and economics development |
| Statement of responsibility, etc | edited by N. Rajalakshmi. |
| 260 ## - PUBLICATION, DISTRIBUTION, ETC. (IMPRINT) | |
| Place of publication, distribution, etc | New Delhi |
| Name of publisher, distributor, etc | Manak Publications |
| Date of publication, distribution, etc | 2000 |
| 300 ## - PHYSICAL DESCRIPTION | |
| Extent | 445p. |
| 630 ## - SUBJECT ADDED ENTRY--UNIFORM TITLE | |
| Uniform title | Social Work |
| 630 ## - SUBJECT ADDED ENTRY--UNIFORM TITLE | |
| Uniform title | Economics development |
| 700 ## - ADDED ENTRY--PERSONAL NAME | |
| Personal name | N. Rajalakshmi. |
| Relator term | editor |
| 942 ## - ADDED ENTRY ELEMENTS (KOHA) | |
| Source of classification or shelving scheme | Dewey Decimal Classification |
| Koha item type | Books |
| Withdrawn status | Lost status | Source of classification or shelving scheme | Damaged status | Not for loan | Collection code | Home library | Current library | Date acquired | Source of acquisition | Cost, normal purchase price | Full call number | Barcode | Date last seen | Price effective from | Koha item type |
|---|---|---|---|---|---|---|---|---|---|---|---|---|---|---|---|
| Dewey Decimal Classification | General Text Book | Central University Of Rajasthan | Central University Of Rajasthan | 12/03/2014 | SCW | 0.00 | 333.7 R13E | 14618 | 21/11/2024 | 02/09/2020 | Books |
